000 00656nam a2200241Ia 4500
003 OSt
005 20221006152555.0
006 a|||||r|||| 00| 0
007 ta
008 221006b |||||||| |||| 00| 0 chi d
024 _a28,915
037 _bGift, PRC
_cTextual
040 _aEASL
_cEASL
_bchi
041 _2chi
_achi
082 _aP41,3:4k, 111N8
245 0 _aXinhua dictionary with English translation
260 _aBeijing
_bCommercial Press International China
_c1998
300 _a929p.
_ccm.
490 _v RR
650 _aCL
_9642733
942 _hP41,3:4k, 111N8
_cTEXL
_2CC
999 _c1097001
_d1097001